वेदान्त और आइन्सटीन/ (Record no. 8777)

MARC details
000 -LEADER
fixed length control field 01367 a2200229 4500
005 - DATE AND TIME OF LATEST TRANSACTION
control field 20080916145747.0
008 - FIXED-LENGTH DATA ELEMENTS--GENERAL INFORMATION
fixed length control field 080916t xxu||||| |||| 00| 0 hin d
010 ## - LCCN (DPL NO)
LC control number HIN-81629
020 ## - INTERNATIONAL STANDARD BOOK NUMBER
International Standard Book Number 8171245390
Terms of availability 100.00
035 ## - SYSTEM CONTROL NUMBER
System control number HN-53975
037 ## - SOURCE OF ACQUISITION
Source of stock number/acquisition पु.प्र.अ.प्र / प्रका.
082 ## - DEWEY DECIMAL CLASSIFICATION NUMBER
Classification number 181.45
100 ## - MAIN ENTRY--PERSONAL NAME
Personal name भटनागर, अनिल
245 ## - TITLE STATEMENT
Title वेदान्त और आइन्सटीन/
Statement of responsibility, etc अनिल भटनागर;देवेन्द्र कुमार अग्निहोत्री द्वारा अनुदित
246 ## - VARYING FORM OF TITLE
Title proper/short title Vedanta aur Einstein
Remainder of title by Anil Bhatnagar;Tran by Devendra kumar Agnihotri
260 ## - PUBLICATION, DISTRIBUTION, ETC. (IMPRINT)
Place of publication, distribution, etc वाराणसी
Name of publisher, distributor, etc विश्वविद्यालय प्रकाशन
Date of publication, distribution, etc 2007
270 ## - ADDRESS
Address पो.बाँ 1149, विशालाक्षी भवन, चौक
City वाराणसी
Postal code 221001
Telephone number 0542 2413741, 2413082
Electronic mail address vvp@vsnl.com
300 ## - PHYSICAL DESCRIPTION
Extent 71पृ
Dimensions 22 सेमी (सजिल्द)
700 ## - ADDED ENTRY--PERSONAL NAME
Personal name अग्निहोत्री, देवेन्द्र कुमार
942 ## - ADDED ENTRY ELEMENTS (KOHA)
Institution code [OBSOLETE] dpl
Item type Hindi Books
Call number prefix 181.45 / भटना
Source of classification or shelving scheme Dewey Decimal Classification
Classification part 181.45
Call number suffix भटना
Holdings
Withdrawn status Lost status Source of classification or shelving scheme Damaged status Not for loan Home library Current library Date acquired Cost, normal purchase price Total Checkouts Full call number Barcode Date last seen Copy number Cost, replacement price Koha item type
    Dewey Decimal Classification     D.B.Act.Division D.B.Act.Division 16/09/2008 100.00   181.45 भटना HN-53975 15/09/2008 1 100.00 Hindi Books

© Delhi Public Library
Hit Counter
free hit counter